000 00566nam a22001697a 4500
005 20251124113427.0
008 251124b |||||||| |||| 00| 0 eng d
020 _a978-0-538-73594-0
100 _aMCMURRY, JOHN
245 _aORGANIC CHEMISTRY WITH BIOLOGICAL APPLICATIONS
250 _a2ND ED
260 _aBELMONT
_bBROOKS/COLE CENGAGE LEARNING
_c2011
300 _aIII, 682P.
500 _aINCLUDES INDEX
650 _a1. CHEMISTRY, ORGANIC- PROBLEMS EXERCISES ETC . CHEMISTRY, ORGANIC -STUDY GUIDES 3. BIOCHEMISTRY -PROBLEMS, EXERCISES
942 _2lcc
_cBK
999 _c216261
_d216261